| 000 | 00479nam a2200169 a 4500 | ||
|---|---|---|---|
| 020 | _a0697135152 (cloth) | ||
| 020 | _a0697051439 (paper) | ||
| 040 | _cDLC | ||
| 082 | _a578 W M C 1992 A081 Or. | ||
| 100 | 1 | _aSumich, James L. | |
| 245 | 1 | 3 | _aAn introduction to the biology of marine life / |
| 250 | _a5th ed. | ||
| 260 |
_aDubuque, IA : _bWm. C. Brown Publishers, _cc1992. |
||
| 300 |
_axii, 449 p. : _bill. (some col.) ; _c26 cm. |
||
| 650 | 0 | _aMarine biology. | |
| 942 | _cEK | ||
| 999 |
_c15933 _d15933 |
||